[Event "GER AM05-A email"]
[Site "GER email"]
[Date "2019.06.19"]
[Round "?"]
[White "Dunlop, Gordon"]
[Black "Stein, Kurt W"]
[Result "1/2-1/2"]
[WhiteElo "2536"]
[BlackElo "2528"]
[PlyCount "77"]
[EventDate "2019.??.??"]
[EventType "tourn (corr)"]
[EventRounds "14"]
[EventCountry "GER"]
[SourceTitle "Corr 2022"]
[Source "ChessBase"]
[SourceDate "2021.10.24"]
[SourceVersion "1"]
[SourceVersionDate "2021.10.24"]
[SourceQuality "1"]

1. c4 e5 2. g3 Nf6 3. Bg2 c6 4. d4 e4 5. Nc3 d5 6. cxd5 cxd5 7. Bg5 Bb4 8. Rc1 Nbd7 9. Nh3 h6 10. Bf4 0-0 11. 0-0 Nb6 12. Qb3 Ba5 13. Be5 Ne8 14. f3 exf3 15. Rxf3 f6 16. Rcf1 Bxc3 17. bxc3 Nc4 18. R3f2 Be6 19. e4 Ne3 20. Nf4 Bf7 21. exd5 fxe5 22. Ne6 Qb6 23. Nxf8 Nxf1 24. Qxb6 axb6 25. Bxf1 exd4 26. Nd7 dxc3 27. Nxb6 Ra3 28. Bc4 Nd6 29. Bb3 Nb5 30. Rf4 g5 31. Rc4 Kg7 32. Rc5 Nd4 33. Rc4 Nxb3 34. Rxc3 Rxa2 35. Rxb3 Rd2 36. Kf1 Bxd5 37. Nxd5 Rxd5 38. Rxb7+ Kg6 39. Rb2 1/2-1/2

[Event "GER GM07-B email"]
[Site "GER email"]
[Date "2018.06.19"]
[Round "?"]
[White "Stein, Kurt W"]
[Black "Tleptsok, Ruslan Aslanovich"]
[Result "1/2-1/2"]
[WhiteElo "2521"]
[BlackElo "2524"]
[PlyCount "78"]
[EventDate "2018.??.??"]
[EventType "tourn (corr)"]
[EventRounds "13"]
[EventCountry "GER"]
[SourceTitle "Corr 2020"]
[Source "ChessBase"]
[SourceDate "2019.09.30"]
[SourceVersion "1"]
[SourceVersionDate "2019.09.30"]
[SourceQuality "1"]

1. d4 d5 2. c4 c6 3. cxd5 cxd5 4. Bf4 Nc6 5. e3 Nf6 6. Nc3 Bf5 7. Qb3 Na5 8. Qa4+ Bd7 9. Qc2 e6 10. Nf3 Rc8 11. Bd3 Be7 12. h3 b5 13. a3 a6 14. 0-0 0-0 15. Rfc1 Ne4 16. Bxe4 dxe4 17. Nd2 f5 18. Qd1 Be8 19. Ne2 Nc6 20. Rc3 Bh5 21. Rac1 Qd7 22. Qc2 Bxe2 23. Rxc6 Bc4 24. Rxc8 Rxc8 25. Nb3 Ra8 26. Nc5 Qe8 27. Nb7 Qd7 28. Na5 Rc8 29. Be5 h6 30. Qc3 Bd8 31. Nb3 Be7 32. Nc5 Qc6 33. Qa5 Bd5 34. Qd2 Qa8 35. Qd1 Rc6 36. a4 b4 37. a5 Qe8 38. Kh2 Qc8 39. Qa4 b3 1/2-1/2